[Event "Bayamon Rio Hondo op 6th"]
[Site "Bayamon"]
[Date "2021.07.26"]
[Round "4"]
[White "Davila Vega, Juan R"]
[Black "Ramirez Lopez, Carlos"]
[Result "1-0"]
[WhiteElo "2065"]
[BlackElo "2042"]
[PlyCount "51"]
[EventDate "2021.07.24"]
[EventType "swiss"]
[EventRounds "7"]
[EventCountry "PUR"]
[SourceTitle "EXT 2022"]
[Source "ChessBase"]
[SourceDate "2021.10.06"]
[SourceVersion "1"]
[SourceVersionDate "2021.10.06"]
[SourceQuality "1"]

1. d4 g6 2. c4 d6 3. Nc3 Nf6 4. e4 Bg7 5. Be2 c6 6. Bg5 Nbd7 7. Qd2 h5 8. Nf3 e5 9. 0-0-0 Qa5 10. Kb1 a6 11. h3 Ng8 12. dxe5 dxe5 13. Nd5 Qxd2 14. Nc7+ Kf8 15. Rxd2 Rb8 16. Rhd1 Ngf6 17. Be3 Ke7 18. Nxe5 Nd5 19. Nxd7 Nxe3 20. fxe3 Kd8 21. Nxb8+ Kxc7 22. Nd7 b6 23. c5 b5 24. Nb6 Be6 25. Bf3 a5 26. e5 1-0

[Event "Bayamon Rio Hondo op 6th"]
[Site "Bayamon"]
[Date "2021.07.24"]
[Round "1"]
[White "Childers Pickett, Logan"]
[Black "Davila Vega, Juan R"]
[Result "0-1"]
[WhiteElo "1733"]
[BlackElo "2065"]
[PlyCount "68"]
[EventDate "2021.07.24"]
[EventType "swiss"]
[EventRounds "7"]
[EventCountry "PUR"]
[SourceTitle "EXT 2022"]
[Source "ChessBase"]
[SourceDate "2021.10.06"]
[SourceVersion "1"]
[SourceVersionDate "2021.10.06"]
[SourceQuality "1"]

1. e4 c5 2. Nf3 g6 3. c3 Bg7 4. d4 cxd4 5. cxd4 d5 6. e5 Nh6 7. Bb5+ Nc6 8. Qa4 Bd7 9. Nc3 a6 10. Nxd5 0-0 11. Be2 Nxe5 12. Qa3 Nxf3+ 13. Bxf3 Nf5 14. Bg5 Bc6 15. Ne3 Nxe3 16. fxe3 Bxf3 17. gxf3 Qd5 18. Bxe7 Rfe8 19. 0-0 Rac8 20. Rae1 Qh5 21. Bd6 Rc2 22. Rf2 Rec8 23. Rxc2 Rxc2 24. Qb3 Rc6 25. Qxb7 Rxd6 26. Rc1 Qg5+ 27. Kh1 Bf8 28. Rc8 Re6 29. Qa8 Qe7 30. e4 Kg7 31. d5 Rf6 32. Kg2 Qb4 33. Rxf8 Qd2+ 34. Kf1 Qd1+ 0-1

[Event "San Sebastian Mendez Memorial 2nd"]
[Site "San Sebastian del Pepino"]
[Date "2015.01.14"]
[Round "1"]
[White "Davila Vega, Juan R"]
[Black "Padin Rivera, Juan R"]
[Result "1-0"]
[WhiteElo "2153"]
[BlackElo "1803"]
[PlyCount "91"]
[EventDate "2015.01.14"]
[EventType "swiss"]
[EventRounds "9"]
[EventCountry "PUR"]
[SourceTitle "EXT 2016"]
[Source "ChessBase"]
[SourceDate "2015.10.08"]
[SourceVersion "1"]
[SourceVersionDate "2015.10.08"]
[SourceQuality "1"]

1. g3 Nf6 2. Bg2 d5 3. c4 c6 4. Nf3 Bf5 5. cxd5 cxd5 6. Nc3 e6 7. 0-0 Be7 8. d3 0-0 9. Qb3 Qc8 10. Bd2 Nc6 11. Rac1 Qd7 12. Rfd1 Bg4 13. e3 Rac8 14. d4 b6 15. Ne2 Na5 16. Bxa5 Bxf3 17. Bxf3 bxa5 18. Rxc8 Rxc8 19. Rc1 Rxc1+ 20. Nxc1 Qc7 21. Nd3 Qb6 22. Qc3 h6 23. Ne5 Qd8 24. Nc6 Qc7 25. Nxe7+ Qxe7 26. Qxa5 Qb7 27. b4 Qb6 28. Qxb6 axb6 29. a4 Nd7 30. Be2 Kf8 31. Bb5 Ke7 32. Bxd7 Kxd7 33. g4 f6 34. h4 g5 35. Kg2 Kc6 36. f3 b5 37. a5 Kb7 38. hxg5 hxg5 39. f4 Kc7 40. Kf3 Kb7 41. f5 exf5 42. gxf5 Kc6 43. e4 g4+ 44. Kxg4 dxe4 45. Kf4 Kd5 46. Ke3 1-0

[Event "PUR-ch"]
[Site "Caguas"]
[Date "2009.07.15"]
[Round "3"]
[White "Davila Vega, Juan R"]
[Black "Montanez Nazario, Robert"]
[Result "1/2-1/2"]
[WhiteElo "2176"]
[BlackElo "2081"]
[PlyCount "75"]
[EventDate "2009.07.11"]
[EventType "tourn"]
[EventRounds "11"]
[EventCountry "PUR"]
[EventCategory "11"]
[SourceTitle "CBM 131 Extra"]
[Source "ChessBase"]
[SourceDate "2009.09.03"]
[SourceVersion "2"]
[SourceVersionDate "2009.09.16"]
[SourceQuality "1"]

1. d4 Nf6 2. g3 g6 3. Bg2 Bg7 4. e4 d6 5. Ne2 0-0 6. 0-0 Nbd7 7. c4 e5 8. Nbc3 c6 9. h3 Qe7 10. d5 c5 11. Bg5 h6 12. Be3 Ne8 13. Qd2 Kh7 14. f4 f5 15. Rae1 a6 16. a4 Rb8 17. Kh2 Nc7 18. b3 b5 19. cxb5 axb5 20. a5 b4 21. Na4 Rb5 22. exf5 gxf5 23. fxe5 Nxe5 24. Nf4 Rxa5 25. Nxc5 Rxc5 26. Bxc5 dxc5 27. d6 Qd8 28. Nh5 Re8 29. Nxg7 Kxg7 30. Rf2 Nf7 31. Qb2+ Qf6 32. Re7 Rxe7 33. dxe7 Qxb2 34. Rxb2 Kf6 35. Rc2 Kxe7 36. Rxc5 Kd8 37. Rc4 Na6 38. Bf1 1/2-1/2

[Event "PUR-ch"]
[Site "Caguas"]
[Date "2009.07.12"]
[Round "2"]
[White "Santana Alvarado, Miguel"]
[Black "Davila Vega, Juan R"]
[Result "0-1"]
[WhiteElo "2159"]
[BlackElo "2176"]
[PlyCount "64"]
[EventDate "2009.07.11"]
[EventType "tourn"]
[EventRounds "11"]
[EventCountry "PUR"]
[EventCategory "11"]
[SourceTitle "CBM 131 Extra"]
[Source "ChessBase"]
[SourceDate "2009.09.03"]
[SourceVersion "2"]
[SourceVersionDate "2009.09.16"]
[SourceQuality "1"]

1. e4 g6 2. d4 Bg7 3. c3 d5 4. exd5 Qxd5 5. Nf3 Nf6 6. Be2 0-0 7. 0-0 c5 8. c4 Qd6 9. d5 b5 10. Nc3 bxc4 11. Bxc4 Ba6 12. Qe2 Bxc4 13. Qxc4 Nbd7 14. Rd1 Nb6 15. Qh4 Nbxd5 16. Bg5 Qe6 17. Re1 Qb6 18. Nxd5 Nxd5 19. Bh6 Qxb2 20. Rad1 e6 21. Ng5 Nf6 22. Bxg7 Kxg7 23. Rxe6 h6 24. Ne4 fxe6 25. Nxc5 Rae8 26. Qc4 Nd5 27. f3 Qxg2+ 28. Kxg2 Ne3+ 29. Kf2 Nxc4 30. Rd4 Ne5 31. Ke2 Rxf3 32. Nd7 Rf5 0-1

[Event "PUR-ch"]
[Site "Caguas"]
[Date "2006.04.02"]
[Round "9"]
[White "Davila Vega, Juan R"]
[Black "Modesto, Rafael"]
[Result "1-0"]
[WhiteElo "2194"]
[BlackElo "2099"]
[PlyCount "129"]
[EventDate "2006.03.17"]
[EventType "swiss"]
[EventRounds "9"]
[EventCountry "PUR"]
[SourceTitle "EXT 2008"]
[Source "ChessBase"]
[SourceDate "2007.11.25"]
[SourceVersion "1"]
[SourceVersionDate "2007.11.25"]
[SourceQuality "1"]

1. g3 Nf6 2. Bg2 d5 3. Nf3 Bg4 4. Ne5 Bf5 5. c4 c6 6. cxd5 cxd5 7. Qa4+ Nbd7 8. Nc3 e6 9. g4 Bg6 10. h4 h6 11. d4 Be7 12. Nxg6 fxg6 13. g5 Nh5 14. Qc2 Kf7 15. Bd2 Nb6 16. e4 hxg5 17. exd5 exd5 18. Qb3 Re8 19. 0-0-0 gxh4 20. Nxd5 Nxd5 21. Bxd5+ Kf8 22. Bf7 Qc8+ 23. Bc4 Rd8 24. Be3 b5 25. Qxb5 Rb8 26. Qa6 Qxa6 27. Bxa6 g5 28. Rhg1 Nf4 29. Rg4 Rb6 30. Bc4 Bf6 31. b3 Ke8 32. d5 Rb7 33. a4 Rc8 34. Kd2 Rd8 35. Ke1 h3 36. Bxf4 gxf4 37. Rxf4 h2 38. Ke2 Kd7 39. Kf3 Kd6 40. Rh1 Rh8 41. Rg4 Re7 42. Kg2 Be5 43. f4 Bf6 44. Rxh2 Rhe8 45. Rh3 Re1 46. Rf3 Rb1 47. Rf1 Rb2+ 48. Rf2 Rb1 49. Rg3 Bd4 50. Rf1 Rb2+ 51. Kh3 Rh8+ 52. Kg4 Rbh2 53. Kf5 Rf8+ 54. Ke4 Bf6 55. Kd3 Rfh8 56. Re1 Rf2 57. Re6+ Kc5 58. Rc6+ Kb4 59. Ke3 Rc2 60. Ke4 Re8+ 61. Kf5 Bd4 62. d6 Rf2 63. Rg4 Rf3 64. d7 Rd8 65. Ke6 1-0

[Event "PUR-ch"]
[Site "Caguas"]
[Date "2006.03.31"]
[Round "7"]
[White "Davila Vega, Juan R"]
[Black "Santana Alvarado, Miguel"]
[Result "1/2-1/2"]
[WhiteElo "2194"]
[BlackElo "2343"]
[PlyCount "63"]
[EventDate "2006.03.17"]
[EventType "swiss"]
[EventRounds "9"]
[EventCountry "PUR"]
[SourceTitle "EXT 2008"]
[Source "ChessBase"]
[SourceDate "2007.11.25"]
[SourceVersion "1"]
[SourceVersionDate "2007.11.25"]
[SourceQuality "1"]

1. g3 e5 2. Bg2 d5 3. c4 c6 4. cxd5 cxd5 5. Qb3 Nf6 6. Nc3 d4 7. Bxb7 Be6 8. Qc2 Nbd7 9. Nb5 Rb8 10. Nc7+ Ke7 11. Qc6 Nb6 12. Nxe6 fxe6 13. b3 Kf7 14. Nf3 Bd6 15. Ng5+ Ke7 16. Ba3 Rf8 17. Rc1 h6 18. Qc7+ Qxc7 19. Rxc7+ Nbd7 20. Bxd6+ Kxd6 21. Rc6+ Ke7 22. Nxe6 Rxb7 23. Nxf8 Nxf8 24. 0-0 Ne6 25. Rfc1 Nd5 26. Ra6 Nb6 27. Ra5 Kd6 28. Rb5 Rc7 29. Rxc7 Nxc7 30. Ra5 a6 31. Kg2 Nbd5 32. Ra3 1/2-1/2

[Event "PUR-ch"]
[Site "Caguas"]
[Date "2006.03.24"]
[Round "4"]
[White "Santa, Juan"]
[Black "Davila Vega, Juan R"]
[Result "1/2-1/2"]
[WhiteElo "2309"]
[BlackElo "2194"]
[PlyCount "88"]
[EventDate "2006.03.17"]
[EventType "swiss"]
[EventRounds "9"]
[EventCountry "PUR"]
[SourceTitle "EXT 2008"]
[Source "ChessBase"]
[SourceDate "2007.11.25"]
[SourceVersion "1"]
[SourceVersionDate "2007.11.25"]
[SourceQuality "1"]

1. Nf3 c5 2. b3 Nc6 3. Bb2 d6 4. e3 e5 5. d3 Be7 6. c4 f5 7. Nc3 Nf6 8. Be2 0-0 9. a3 a6 10. Qc2 Rb8 11. Rb1 Kh8 12. Nd5 Nxd5 13. cxd5 Na7 14. Nd2 b6 15. Rc1 Bb7 16. Bf3 Nb5 17. Nc4 Ba8 18. Qe2 Nc7 19. e4 b5 20. Ne3 f4 21. Nf1 Bb7 22. Nd2 Bc8 23. Bg4 Ne8 24. Bxc8 Rxc8 25. Qg4 Nf6 26. Qe2 Qe8 27. g3 Nh5 28. Qg4 Nf6 29. Qe6 Qd7 30. Qxd7 Nxd7 31. Ke2 Kg8 32. Rc2 Rf7 33. Nf3 Rcf8 34. g4 Rb8 35. Bc1 a5 36. Bd2 Ra8 37. Rb1 Nf8 38. Ra2 Bd8 39. Be1 Ng6 40. Rc2 Rfa7 41. Bd2 Kf7 42. Be1 Kg8 43. Bd2 Kf7 44. Be1 Kg8 1/2-1/2

[Event "Santo Domingo op"]
[Site "Santo Domingo"]
[Date "2005.11.29"]
[Round "6"]
[White "Subervi Nunez, Jonathan Sigfredo"]
[Black "Davila Vega, Juan R"]
[Result "1-0"]
[WhiteElo "2233"]
[BlackElo "2151"]
[PlyCount "59"]
[EventDate "2005.11.24"]
[EventType "swiss"]
[EventRounds "9"]
[EventCountry "DOM"]
[SourceTitle "CBM 109 Extra"]
[Source "ChessBase"]
[SourceDate "2006.01.03"]
[SourceVersion "2"]
[SourceVersionDate "2006.01.03"]
[SourceQuality "1"]

1. d4 g6 2. c4 Bg7 3. Nc3 c5 4. d5 d6 5. e4 Nf6 6. Bd3 e6 7. h3 exd5 8. exd5 0-0 9. Nf3 Re8+ 10. Be3 Bh6 11. 0-0 Rxe3 12. fxe3 Bxe3+ 13. Kh1 Nh5 14. Qe1 Bh6 15. Ne2 Na6 16. g4 Nf4 17. Nxf4 Bxf4 18. Qe4 Bh6 19. Rae1 Bd7 20. Qe7 Bf8 21. Qe3 Nb4 22. Bb1 b5 23. a3 Na6 24. Qf4 Nc7 25. Ng5 f6 26. Ne4 f5 27. gxf5 Bxf5 28. Ng5 Bh6 29. h4 Bxg5 30. hxg5 1-0

[Event "Olympiad-36"]
[Site "Mallorca"]
[Date "2004.10.27"]
[Round "12"]
[White "Davila Vega, Juan R"]
[Black "Wagener, Claude"]
[Result "1-0"]
[WhiteElo "2169"]
[BlackElo "2242"]
[PlyCount "85"]
[EventDate "2004.10.15"]
[EventType "team-swiss"]
[EventRounds "14"]
[EventCountry "ESP"]
[SourceTitle "CBM 104"]
[Source "ChessBase"]
[SourceDate "2005.01.27"]
[SourceVersion "1"]
[SourceVersionDate "2005.01.27"]
[SourceQuality "1"]
[WhiteTeam "Puerto Rico"]
[BlackTeam "Luxembourg"]
[WhiteTeamCountry "PUR"]
[BlackTeamCountry "LUX"]

1. d4 Nf6 2. c4 g6 3. Nc3 d5 4. cxd5 Nxd5 5. e4 Nxc3 6. bxc3 Bg7 7. Bc4 0-0 8. Ne2 b6 9. 0-0 Bb7 10. Qc2 Nc6 11. f4 Na5 12. Bd3 Rc8 13. Be3 c5 14. dxc5 bxc5 15. Bb5 Qc7 16. Rfd1 Rfd8 17. Qa4 a6 18. Bd7 Rb8 19. Rab1 Nc6 20. Bg4 Na7 21. Rd7 Bc6 22. Rxb8 Qxb8 23. Rxd8+ Qxd8 24. Qxa6 Qc7 25. Bxc5 Nb5 26. e5 Bd7 27. Qa8+ Bf8 28. Bxe7 Qa7+ 29. Qxa7 Nxa7 30. Bxd7 Bxe7 31. Kf2 Kf8 32. Ke3 Ba3 33. Kd4 Ke7 34. Ba4 h5 35. c4 h4 36. Kd5 Nc8 37. c5 Bb2 38. Bb5 Ba3 39. Nd4 Kd8 40. Nc6+ Kc7 41. Ba6 Bc1 42. Bxc8 Kxc8 43. f5 1-0

[Event "Olympiad-36"]
[Site "Mallorca"]
[Date "2004.10.25"]
[Round "10"]
[White "Davila Vega, Juan R"]
[Black "Doghri, Nabil"]
[Result "0-1"]
[WhiteElo "2169"]
[BlackElo "2309"]
[PlyCount "110"]
[EventDate "2004.10.15"]
[EventType "team-swiss"]
[EventRounds "14"]
[EventCountry "ESP"]
[SourceTitle "CBM 104"]
[Source "ChessBase"]
[SourceDate "2005.01.27"]
[SourceVersion "1"]
[SourceVersionDate "2005.01.27"]
[SourceQuality "1"]
[WhiteTeam "Puerto Rico"]
[BlackTeam "Tunisia"]
[WhiteTeamCountry "PUR"]
[BlackTeamCountry "TUN"]

1. d4 d5 2. c4 e6 3. Nc3 Nf6 4. Bg5 c6 5. e3 h6 6. Bh4 Be7 7. Nf3 Nbd7 8. Qc2 0-0 9. cxd5 exd5 10. Bd3 Re8 11. 0-0 Nf8 12. Ne5 N6d7 13. Bg3 Nxe5 14. Bxe5 Be6 15. Rae1 Rc8 16. Bg3 Bf6 17. Na4 Nd7 18. f4 Nf8 19. f5 Bd7 20. Nc5 b6 21. Nb7 Qe7 22. Bd6 Qxe3+ 23. Rxe3 Rxe3 24. Bf4 Re7 25. Nd6 Bxd4+ 26. Kh1 Rd8 27. f6 Bxf6 28. Nf5 Re6 29. Ng3 Ng6 30. Bxg6 fxg6 31. Bxh6 Be8 32. Bd2 Bf7 33. Qc1 d4 34. Bg5 d3 35. h3 Rd5 36. Bxf6 d2 37. Qd1 gxf6 38. Ne2 Rde5 39. Qxd2 Rxe2 40. Qd8+ Kg7 41. Qd4 c5 42. Qc3 Be8 43. Rg1 Bc6 44. Qg3 R6e5 45. Kh2 Rxb2 46. Qa3 Ree2 47. Qxa7+ Kh6 48. Qc7 Bxg2 49. Qf4+ Kg7 50. Qc7+ Kg8 51. Kg3 Rxa2 52. Qd8+ Kf7 53. Qc7+ Re7 54. Qxb6 Re3+ 55. Kg4 Ra4+ 0-1

[Event "PUR-ch"]
[Site "San Juan"]
[Date "1999.??.??"]
[Round "?"]
[White "Carrillo, Jose Antonio"]
[Black "Davila Vega, Juan R"]
[Result "0-1"]
[WhiteElo "1950"]
[BlackElo "2285"]
[PlyCount "96"]
[EventDate "1999.??.??"]
[EventType "tourn"]
[EventRounds "11"]
[EventCountry "PUR"]
[SourceTitle "EXT 2000"]
[Source "ChessBase"]
[SourceDate "1999.11.16"]
[SourceVersion "1"]
[SourceVersionDate "1999.11.16"]
[SourceQuality "1"]

1. f4 Nf6 2. Nf3 c5 3. g3 b6 4. Bg2 Bb7 5. 0-0 g6 6. d3 d5 7. Bd2 Bg7 8. e3 0-0 9. Nc3 Nbd7 10. Qe2 Qc7 11. e4 dxe4 12. dxe4 Rad8 13. e5 Nd5 14. Nb5 Qc6 15. c4 Ba6 16. cxd5 Qxb5 17. Qxb5 Bxb5 18. Rfd1 Be2 19. Re1 Bc4 20. e6 fxe6 21. dxe6 Nb8 22. Bc3 Bxc3 23. bxc3 Rd6 24. Bh3 Nc6 25. Ng5 Nd8 26. Red1 Rxd1+ 27. Rxd1 h6 28. Nf7 Nxf7 29. exf7+ Rxf7 30. Rd7 e6 31. Rxf7 Kxf7 32. a3 Kf6 33. Kf2 e5 34. fxe5+ Kxe5 35. Ke3 g5 36. Bg2 Bd5 37. Bf1 Bc6 38. Be2 b5 39. Bg4 a5 40. Bd1 b4 41. cxb4 cxb4 42. axb4 axb4 43. Kd3 Bb5+ 44. Ke3 Bc4 45. Kd2 Kd4 46. h4 gxh4 47. gxh4 b3 48. h5 b2 0-1

[Event "PUR-ch"]
[Site "San Juan"]
[Date "1999.??.??"]
[Round "?"]
[White "Santa Torres, Luis A"]
[Black "Davila Vega, Juan R"]
[Result "1-0"]
[WhiteElo "2295"]
[BlackElo "2280"]
[PlyCount "65"]
[EventDate "1999.??.??"]
[EventType "tourn"]
[EventRounds "11"]
[EventCountry "PUR"]
[SourceTitle "EXT 2000"]
[Source "ChessBase"]
[SourceDate "1999.11.16"]
[SourceVersion "1"]
[SourceVersionDate "1999.11.16"]
[SourceQuality "1"]

1. d4 g6 2. c4 Bg7 3. e4 c5 4. d5 d6 5. Nc3 f5 6. Nge2 fxe4 7. Nxe4 Nf6 8. N2g3 Nbd7 9. Ng5 Ne5 10. f4 Nf7 11. Ne6 Bxe6 12. dxe6 Nh6 13. Qa4+ Kf8 14. Bd3 Qc8 15. f5 gxf5 16. 0-0 Qxe6 17. Bxh6 Bxh6 18. Rae1 Qf7 19. Nxf5 Bg7 20. Rxe7 Qxe7 21. Nxe7 Kxe7 22. Bf5 Rhe8 23. Qd1 Bh6 24. Qf3 Rab8 25. Bxh7 Rf8 26. Qe2+ Kf7 27. Qh5+ Kg7 28. Qg6+ Kh8 29. Qxh6 Nxh7 30. Rxf8+ Rxf8 31. Qxd6 b6 32. Qe7 a5 33. h4 1-0

[Event "Puerto Rico-ch"]
[Site "Puerto Rico"]
[Date "1998.??.??"]
[Round "?"]
[White "Davila Vega, Juan R"]
[Black "Nunez Velez, Walter"]
[Result "1/2-1/2"]
[WhiteElo "2220"]
[BlackElo "2075"]
[PlyCount "107"]
[EventDate "1998.??.??"]
[EventType "tourn"]
[EventRounds "11"]
[EventCountry "PUR"]
[SourceTitle "EXT 2003"]
[Source "ChessBase"]
[SourceDate "2002.11.25"]
[SourceVersion "1"]
[SourceVersionDate "2002.11.25"]
[SourceQuality "1"]

1. g3 d5 2. Bg2 Nf6 3. d3 c6 4. Nd2 e5 5. c4 Bc5 6. Nb3 dxc4 7. Nxc5 Qa5+ 8. Bd2 Qxc5 9. Rc1 Be6 10. dxc4 0-0 11. Nf3 Nbd7 12. 0-0 e4 13. Ng5 Bf5 14. Qb3 Qb6 15. Qc3 h6 16. Nh3 Rfe8 17. Be3 Qd8 18. Rcd1 Qe7 19. Rd2 Nc5 20. Bd4 Ne6 21. Bxf6 Qxf6 22. Qxf6 gxf6 23. Rfd1 Red8 24. Rxd8+ Rxd8 25. Rxd8+ Nxd8 26. Nf4 Kf8 27. Kf1 Ke7 28. Ke1 Kd6 29. Kd2 Ke5 30. Ke3 Ne6 31. Nxe6 Bxe6 32. Bxe4 Bxc4 33. f4+ Kd6 34. b3 Be6 35. Kd3 f5 36. Bf3 Kc5 37. Kc3 a5 38. a3 Bd5 39. b4+ axb4+ 40. axb4+ Kd6 41. Bh5 b6 42. e3 Ba2 43. Be2 Bd5 44. Bd3 Be6 45. h3 f6 46. Kd4 c5+ 47. bxc5+ bxc5+ 48. Kc3 Bd7 49. Be2 Kd5 50. Bf3+ Kd6 51. Bh5 Bc8 52. Bf3 Be6 53. Be2 Bc8 54. Bf3 1/2-1/2

[Event "Puerto Rico-ch"]
[Site "Puerto Rico"]
[Date "1998.??.??"]
[Round "?"]
[White "Ortiz, Waldemar"]
[Black "Davila Vega, Juan R"]
[Result "1/2-1/2"]
[WhiteElo "2125"]
[BlackElo "2220"]
[PlyCount "61"]
[EventDate "1998.??.??"]
[EventType "tourn"]
[EventRounds "11"]
[EventCountry "PUR"]
[SourceTitle "EXT 2003"]
[Source "ChessBase"]
[SourceDate "2002.11.25"]
[SourceVersion "1"]
[SourceVersionDate "2002.11.25"]
[SourceQuality "1"]

1. d4 g6 2. c4 Bg7 3. e4 c5 4. d5 d6 5. Nc3 Nf6 6. f3 0-0 7. Bg5 e6 8. Qd2 exd5 9. cxd5 a6 10. a4 h6 11. Be3 Nbd7 12. Nh3 Kh7 13. Nf2 Qa5 14. Ra3 Ne5 15. Qc2 Re8 16. Bd2 Qd8 17. Be2 Bd7 18. 0-0 Rb8 19. Rb1 b5 20. axb5 Bxb5 21. Nxb5 axb5 22. b4 c4 23. Ra6 Rb6 24. Ra7 Qb8 25. Rba1 Rb7 26. R7a6 Ned7 27. Bf1 Rb6 28. R6a5 Qc7 29. R1a3 Reb8 30. Bc3 Ng8 31. Bxg7 1/2-1/2

[Event "Olympiad-29"]
[Site "Novi Sad"]
[Date "1990.11.26"]
[Round "9"]
[White "Slimani, Abdelhamid"]
[Black "Davila Vega, Juan R"]
[Result "1-0"]
[WhiteElo "2240"]
[BlackElo "2235"]
[PlyCount "123"]
[EventDate "1990.11.17"]
[EventType "team-swiss"]
[EventRounds "14"]
[EventCountry "YUG"]
[SourceTitle "EXT 2019"]
[Source "ChessBase"]
[SourceDate "2018.10.10"]
[SourceVersion "1"]
[SourceVersionDate "2018.10.10"]
[SourceQuality "1"]
[WhiteTeam "Algeria"]
[BlackTeam "Puerto Rico"]
[WhiteTeamCountry "ALG"]
[BlackTeamCountry "PUR"]

1. e4 d6 2. d4 Nf6 3. f3 g6 4. Bc4 c6 5. Bb3 Bg7 6. Be3 Nbd7 7. Qd2 e5 8. Nc3 a5 9. a4 0-0 10. Nge2 Re8 11. 0-0-0 Rb8 12. g4 b5 13. h4 b4 14. Na2 Ba6 15. h5 Nf8 16. hxg6 Nxg6 17. g5 Nd7 18. Rh5 Bxe2 19. Qxe2 exd4 20. Bd2 Qe7 21. Qh2 Qe5 22. f4 Qxe4 23. Rxh7 Qf5 24. Rh1 Nc5 25. Qh3 Qxh3 26. R7xh3 Nxb3+ 27. cxb3 Ne7 28. Kc2 Nf5 29. Kd3 d5 30. Nc1 Re4 31. Ne2 Rbe8 32. Ng1 Kf8 33. Nf3 Ke7 34. Nh4 Nxh4 35. Rxh4 f5 36. Rh7 Kf7 37. Rc1 R8e6 38. Rc5 Kg6 39. Rh1 Bf8 40. Rxa5 Re7 41. Ra8 Bg7 42. Rc8 R4e6 43. Rb8 Rc7 44. Rc1 c5 45. Rxb4 Rec6 46. Rb5 c4+ 47. bxc4 dxc4+ 48. Kc2 c3 49. bxc3 dxc3 50. Be3 Re7 51. Rb6 Rxb6 52. Bxb6 Re4 53. a5 Rxf4 54. a6 Ra4 55. a7 Be5 56. Kb3 Ra6 57. Kc4 Kxg5 58. Kb5 Ra2 59. Ba5 Bc7 60. a8Q Rxa5+ 61. Qxa5 Bxa5 62. Kxa5 1-0

[Event "Olympiad-29"]
[Site "Novi Sad"]
[Date "1990.11.25"]
[Round "8"]
[White "Davila Vega, Juan R"]
[Black "Geenen, Marc"]
[Result "1/2-1/2"]
[WhiteElo "2235"]
[BlackElo "2345"]
[PlyCount "34"]
[EventDate "1990.11.17"]
[EventType "team-swiss"]
[EventRounds "14"]
[EventCountry "YUG"]
[SourceTitle "EXT 2019"]
[Source "ChessBase"]
[SourceDate "2018.10.10"]
[SourceVersion "1"]
[SourceVersionDate "2018.10.10"]
[SourceQuality "1"]
[WhiteTeam "Puerto Rico"]
[BlackTeam "Belgium"]
[WhiteTeamCountry "PUR"]
[BlackTeamCountry "BEL"]

1. c4 e5 2. Nc3 Nf6 3. Nf3 Nc6 4. g3 d5 5. cxd5 Nxd5 6. Bg2 Nb6 7. 0-0 Be6 8. d3 Be7 9. a3 0-0 10. b4 a5 11. b5 Nd4 12. Bb2 Nb3 13. Rb1 f6 14. Nd2 Nc5 15. Nde4 Nb3 16. Nd2 Nc5 17. Nde4 Nb3 1/2-1/2

[Event "Olympiad-29"]
[Site "Novi Sad"]
[Date "1990.11.23"]
[Round "6"]
[White "Fernandez, Antonio"]
[Black "Davila Vega, Juan R"]
[Result "1-0"]
[WhiteElo "2345"]
[BlackElo "2235"]
[PlyCount "95"]
[EventDate "1990.11.17"]
[EventType "team-swiss"]
[EventRounds "14"]
[EventCountry "YUG"]
[SourceTitle "EXT 2019"]
[Source "ChessBase"]
[SourceDate "2018.10.10"]
[SourceVersion "1"]
[SourceVersionDate "2018.10.10"]
[SourceQuality "1"]
[WhiteTeam "Venezuela"]
[BlackTeam "Puerto Rico"]
[WhiteTeamCountry "VEN"]
[BlackTeamCountry "PUR"]

1. c4 Nf6 2. Nc3 c5 3. g3 g6 4. Bg2 Bg7 5. e3 e5 6. Nge2 Nc6 7. 0-0 0-0 8. d3 d6 9. h3 Be6 10. Nd5 Bxd5 11. cxd5 Ne7 12. Qb3 Qb6 13. Qxb6 axb6 14. Nc3 Ra5 15. a4 Rfa8 16. Ra3 Ne8 17. Bd2 b5 18. Nxb5 Rxa4 19. Rb3 Bf8 20. Rb1 Ra1 21. Rxa1 Rxa1+ 22. Kh2 b6 23. Bf3 Nc8 24. d4 f5 25. Bc3 e4 26. Be2 Ra8 27. g4 Bg7 28. gxf5 gxf5 29. Bc4 Ra4 30. Na3 Nc7 31. Bb5 Nxb5 32. Nxb5 Kf7 33. dxc5 bxc5 34. Nc7 Bxc3 35. bxc3 Ra7 36. Ne6 Ne7 37. c4 Ra2 38. Kg3 Rc2 39. Rb6 Rxc4 40. Rxd6 Rc2 41. Nd8+ Ke8 42. Nc6 Ng8 43. Re6+ Kf7 44. Ne5+ Kg7 45. d6 Rd2 46. d7 Nf6 47. Re7+ Kh6 48. d8Q 1-0

[Event "Olympiad-29"]
[Site "Novi Sad"]
[Date "1990.11.20"]
[Round "4"]
[White "Davila Vega, Juan R"]
[Black "El Taher, Fouad"]
[Result "0-1"]
[WhiteElo "2235"]
[BlackElo "2375"]
[PlyCount "80"]
[EventDate "1990.11.17"]
[EventType "team-swiss"]
[EventRounds "14"]
[EventCountry "YUG"]
[SourceTitle "EXT 2019"]
[Source "ChessBase"]
[SourceDate "2018.10.10"]
[SourceVersion "1"]
[SourceVersionDate "2018.10.10"]
[SourceQuality "1"]
[WhiteTeam "Puerto Rico"]
[BlackTeam "Egypt"]
[WhiteTeamCountry "PUR"]
[BlackTeamCountry "EGY"]

1. c4 e5 2. Nc3 Nf6 3. g3 d5 4. cxd5 Nxd5 5. Bg2 Nb6 6. Nf3 Nc6 7. 0-0 Be7 8. d3 0-0 9. a3 Be6 10. b4 Nd4 11. Nxd4 exd4 12. Ne4 Bd5 13. Bb2 f5 14. Nd2 Bxg2 15. Kxg2 a5 16. Qb3+ Kh8 17. Nf3 Bf6 18. Rfc1 Qd7 19. Rc5 Qa4 20. Qc2 axb4 21. Rxc7 Qxc2 22. Rxc2 b3 23. Rc7 Na4 24. Bxd4 Bxd4 25. Nxd4 b2 26. Rb1 Rfc8 27. Rxb7 Rab8 28. Rb3 Rxb3 29. Nxb3 Rc2 30. Nd4 Rc1 31. Rxb2 Nxb2 32. Nxf5 Rc3 33. d4 Rxa3 34. d5 Kg8 35. e4 g6 36. Ne3 Kf7 37. Ng4 Nd3 38. f4 h5 39. Ne5+ Nxe5 40. fxe5 Re3 0-1

[Event "WchT U26 05th Group1"]
[Site "Mendoza"]
[Date "1985.08.??"]
[Round "1"]
[White "Sokolov, Andrei"]
[Black "Davila Vega, Juan R"]
[Result "1-0"]
[WhiteElo "2550"]
[BlackElo "2205"]
[PlyCount "71"]
[EventDate "1985.08.11"]
[EventType "team-tourn"]
[EventRounds "9"]
[EventCountry "ARG"]
[SourceTitle "EXT 2020"]
[Source "ChessBase"]
[SourceDate "2019.10.17"]
[SourceVersion "1"]
[SourceVersionDate "2019.10.17"]
[SourceQuality "1"]
[WhiteTeam "Soviet Union"]
[BlackTeam "Puerto Rico"]
[WhiteTeamCountry "URS"]
[BlackTeamCountry "PUR"]

1. e4 d6 2. d4 Nf6 3. Bd3 g6 4. Nf3 Bg7 5. 0-0 0-0 6. e5 Nfd7 7. Qe2 dxe5 8. dxe5 Nc5 9. Bc4 Be6 10. Nc3 c6 11. Ng5 Nbd7 12. Nxe6 Nxe6 13. f4 Nd4 14. Qf2 Nb6 15. Rd1 c5 16. Bb3 Qc8 17. Be3 Nxb3 18. axb3 Nd7 19. Qh4 f6 20. Nd5 Re8 21. Rd2 Nb6 22. Rad1 Qc6 23. Bf2 Kh8 24. exf6 exf6 25. f5 g5 26. Qh5 Re5 27. Nc3 Qe8 28. Qf3 Qe7 29. h3 Re8 30. Nb5 Nc8 31. Rd7 Qf8 32. Nc7 Nb6 33. Nxe8 Nxd7 34. Nxg7 Qxg7 35. Qxb7 Re7 36. Rxd7 1-0